[Event "S Wales Late Summer Open"]
[Site "?"]
[Date "2022.09.04"]
[Round "5.6"]
[White "May, Adam J"]
[Black "Zografos, Lef"]
[Result "1-0"]
[WhiteElo "1941"]
[BlackElo "1749"]
[Annotator "kemen"]
[PlyCount "113"]
[EventDate "2022.??.??"]
[SourceVersionDate "2022.09.07"]

1. d4 Nf6 2. Nf3 e6 3. g3 d5 4. Bg2 c5 5. O-O cxd4 6. Nxd4 e5 7. Nb3 Be6 8. c4
(8. Nc3) (8. Bg5) 8... Nc6 9. Bg5 {1-2-5} (9. cxd5 {155 games}) 9... dxc4 10.
N3d2 (10. Bxc6+ bxc6 11. Qxd8+ Rxd8 12. Na5 {1 draw,4 Bl wins}) 10... Rc8 $146
(10... Be7 11. Qa4 O-O (11... Qc7 12. Nxc4 O-O 13. Nc3 Nd4 14. Ne3 Rfd8 $11 {
Afonasieva-Duson, EU ch Girls U16, Mamaia 2017,1-0}) 12. Nc3 (12. Bxc6 bxc6 13.
Nxc4 $11 {KomodoDragon3}) 12... Nd4 13. e3 Ne2+ 14. Nxe2 Qxd2 15. Nc3 Qxb2 16.
Rfc1 (16. Bxf6 Bxf6 17. Rfc1) 16... Ng4 $19 {May-Dharmasena, 4NCL online 2020,
0-1}) 11. Nc3 Be7 12. Qa4 O-O $15 13. Nxc4 Bxc4 (13... Qd4 14. Bxf6 gxf6 15.
Ne3 Qxa4 16. Nxa4 Nd4 17. Nc3 Rfd8 18. Bxb7 Rb8 19. Ba6 Rxb2 $15 {KomodoDragon3
}) 14. Qxc4 Nd4 15. Qa4 Qb6 (15... b5 16. Qxa7 b4 17. Bxf6 Bxf6 18. Nd5 Nxe2+
19. Kh1 Qd6 20. Rad1 Rc2 21. Ne3 Rd2 22. h4 $14 {KD3}) 16. e3 (16. Rab1 $18 {
KD3}) 16... Qxb2 17. exd4 Qxc3 18. dxe5 Qxe5 19. Bf4 Qf5 (19... b5 20. Qxa7 Bc5
$11 {KD3}) 20. Bxb7 $16 Rc5 21. Rfe1 Ra5 22. Qd1 Bb4 (22... Bc5 $11 {KD3}) 23.
Re2 Ra3 24. Re5 Qd3 25. Qxd3 Rxd3 26. Rb1 (26. Rb5 a5 27. Kg2 $16 {KD3}) 26...
a5 (26... Bd2 27. Bxd2 Rxd2 28. Ra5 g6 29. Rxa7 Ng4 30. Rf1 Re8 31. Bf3 h5 32.
a4 Re6 33. Rc7 Rf6 34. Rc3 Ne5 35. Bd1 Kg7 $11 {KD3-Bl has enough piece
activity for the pawn} 36. Rc1 h4 37. gxh4 Ra2 38. Rc3 Rf4 39. Kg2 Ng4) 27. Rc1
Ra3 28. Re2 h6 29. Rd1 g5 30. Bc1 (30. Be5 $1 Re8 31. Ba6 $18 Rxa2 {best bet}
32. Rxa2 Rxe5 33. Rc2 Re7 34. Rc8+ Kg7 35. Kg2 $18 {KD3}) 30... Rc3 31. Bg2 (
31. Bb2 Rc7 32. Bf3 Kg7 33. a3 Bc3 (33... Be7 34. Rd5 g4 35. Rf5 $18) 34. Rc2
Rfc8 35. Rdc1 Be5 36. Rxc7 Rxc7 37. Rxc7 Bxc7 38. Bd1 Bd8 39. Kg2 $18 {KD3-
the Bs cooperate- & the a pawn is eventually lost as Bl has to tend to the
holes on the K side}) 31... Rcc8 (31... Ba3 $11 {KD3}) 32. Bb2 Bc3 33. Bc1 Rfd8
34. Rf1 {looks passive, but keeping hope in the 2 Bs} (34. Rxd8+ Rxd8 35. Rc2
Rd1+ 36. Bf1 Ne4 37. Kg2 Bd4 38. Rc4 Nc3 39. Bb2 $14 {KD3}) 34... Nd5 35. h4 f6
(35... Bf6 $11) 36. hxg5 (36. h5 $16) 36... hxg5 37. Ba3 Bb4 38. Bb2 Nc3 39.
Rc2 Nxa2 40. Rxc8 Rxc8 41. Bd5+ Kg7 42. Bxa2 Rc2 43. Rb1 Bc5 44. Bd5 Bxf2+ 45.
Kf1 Bxg3 $11 46. Bd4 Rd2 (46... Be5 {protects every thing- the B&R vs R ending
must be drawn. Wh's only chance is via a mating attack with all 3 pieces}) 47.
Rb7+ $18 Kg6 48. Be4+ Kh5 (48... f5 49. Rg7+ Kh6 50. Bxf5 $18 {KD3}) 49. Bf5 g4
50. Rh7+ (50. Be3 $1 {closes the net}) 50... Kg5 51. Be3+ Kxf5 (51... Bf4 52.
Bxd2 Bxd2 53. Ke2 Bb4 54. Be6 $18 {the extra R will come into key squares, the
Bl pawns cannot advance}) 52. Bxd2 a4 53. Ra7 Kg6 54. Rxa4 f5 55. Kg2 Bc7 56.
Ra6+ Kf7 57. Ra7 1-0

[Event "S Wales Late Summer Open"]
[Site "?"]
[Date "2022.09.04"]
[Round "5.7"]
[White "Jukes, Sam"]
[Black "Thomas, James"]
[Result "1-0"]
[WhiteElo "1895"]
[BlackElo "1922"]
[Annotator "kemen"]
[PlyCount "167"]
[EventDate "2022.??.??"]
[SourceVersionDate "2022.09.07"]

{[%evp 0,167,19,38,25,7,30,27,23,24,-39,-44,-49,-14,0,0,7,-37,63,42,65,66,148,
53,59,54,66,56,66,54,84,67,113,106,99,88,83,84,106,73,111,119,131,134,126,132,
137,118,140,145,133,107,107,118,109,110,110,118,120,120,125,121,130,62,108,56,
87,50,76,74,65,50,82,44,91,86,86,79,129,112,172,179,159,165,165,175,175,164,
152,156,152,124,122,137,134,116,137,120,128,116,115,116,134,130,237,238,462,
496,629,76,179,130,114,78,80,52,55,57,75,55,63,48,54,29,42,21,31,36,52,49,60,
62,69,78,90,95,103,106,105,156,165,210,267,221,232,234,232,239,239,239,507,239,
485,239,239,485,485,485,485,485,507,507,507,537,547,547,547,547,547,547]} 1. e4
e5 2. Nf3 Nc6 3. Bc4 Nf6 4. Ng5 d5 5. exd5 Na5 6. Bb5+ c6 7. dxc6 bxc6 8. Bd3 (
8. Be2 {old main}) (8. Qf3 {newer main}) 8... Bd6 (8... Nd5 9. Nf3 Bd6 (9...
Nf4 {main})) 9. Nc3 h6 (9... O-O 10. O-O h6 {main}) 10. Nge4 Bc7 $146 (10...
O-O {1-0}) (10... Nb7 {1-0}) 11. Be2 {retreating from the blockade on e4, the
idea behind 8 Bd3 in the first place} (11. Nxf6+ Qxf6 12. b3 $18 {KomodoDragon3
}) (11. Qf3 $18 {KD3}) (11. b4 Nb7 12. Qf3 $18 {KD3}) 11... Nxe4 12. Nxe4 O-O
13. d3 $14 {[%emt 0:00:08] the position is now akin to the older lines with Be2
} f5 14. Ng3 (14. Nc3) 14... Nb7 (14... c5 15. O-O Nc6 $11 {KD3}) 15. O-O f4 $6
{returns the e4 square to Wh} 16. Ne4 $18 Nd6 17. Nxd6 Qxd6 18. Bf3 Rb8 19. Re1
c5 20. Bd2 (20. b3) 20... Qf6 21. Bc3 Bf5 22. Bd5+ (22. b3) 22... Kh7 (22...
Kh8) 23. Be4 g5 24. Qg4 (24. Bxf5+ Qxf5 25. Re4 Rbe8 26. Qe2 f3 27. gxf3 Qxf3
28. Qxf3 Rxf3 29. Rae1 Rf5 30. Bd2 Kg6 31. Rc4 $18 {KD3}) 24... Kg6 25. Qxf5+
Qxf5 26. Bxf5+ Kxf5 27. Re4 Rfe8 28. Rae1 h5 29. b3 Rbd8 30. Ra4 Bb6 31. Ba5 {
Wh could keep this B ,which is a far better piece than Bl's(impeded by its own
pawns)} g4 (31... Rd4 $11 32. Rxd4 (32. Ra3 e4 $11) 32... cxd4 $11 {KD3}) 32.
Ree4 (32. Bc3) 32... h4 33. g3 (33. h3 $18 {KD3}) (33. Bc3 $18 {KD3} g3 34.
Rac4) 33... fxg3 (33... hxg3 34. fxg3 fxg3 35. Bxb6 (35. hxg3 c4+ 36. Bxb6 cxd3
37. cxd3 axb6 38. Rxg4 (38. Re3 Ra8 $11) 38... Rxd3 $11) 35... gxh2+ 36. Kxh2
axb6 37. Rxg4 b5 $11 {KD3}) 34. hxg3 (34. Bxb6 gxh2+ 35. Kxh2 g3+ 36. fxg3
hxg3+ 37. Kxg3 axb6 38. Kf3 $18 {KD3}) 34... hxg3 35. fxg3 Rd4 $11 (35... c4+
$11 {DeepFritz13 & KD3} 36. Bxb6 cxd3 37. Bxd8 d2 38. Rf4+ exf4 39. Rxf4+ Kg6
40. Rxg4+ Kf5 41. Rf4+ Kg6 42. Rf6+ Kh5 43. Rd6 Re1+ 44. Kf2 d1=Q 45. Rxd1 Rxd1
46. Ba5 Ra1 47. a4 Ra2 48. Ke3 Rxc2 49. Kd3 Rg2 50. Kc4 Rxg3 51. b4 $11) 36.
Bxb6 Rxa4 (36... axb6 $11 {Deep Fritz13} 37. Kf2 Rh8 $11 {KD3}) 37. Rxa4 axb6
38. Re4 $18 b5 39. a4 c4 40. axb5 cxd3 41. cxd3 Rd8 42. b6 $18 Rxd3 43. Rb4 Rd8
44. b7 Rb8 45. Kf2 {this should be an easy win for Wh. The Bl R is tied down,
the Wh K comes up the board,aided if required by a Wh R to win the R on b8.
Plus Bl has two vulnerable pawns on the K side, while Wh even has a reserve b
pawn for later if needed.However.} Ke6 46. Rb6+ {given as best by the Engines,
but needs the correct followup} (46. Ke3 {is too direct} Kd5 {and Bl's active
K is annoying. Just a little deviation in a position can create a huge
difference.Here the extra b pawn takes away squares from the R, which
otherwise could drop back further to squeze the Bl k from defence of the K
side.} 47. Rb5+ Kc6 48. Rxe5 Rxb7 49. Kf4 Rxb3 {and the Syzygy tablebases
confirm the draw- the Wh pawn is not advanced enough & the Bl K is too near}
50. Re3 Rb8 51. Kxg4 Kd5) 46... Kd7 47. Ke3 {standard} (47. Rg6 {the Engines
go hunting- Wh has to give up both b pawns & keep the Bl K away from the Wh g
pawn} Rf8+ 48. Ke3 Kc7 49. Rg7+ Kb8 50. Ke4 Re8 51. b4 Re6 52. Kf5 Re8 53. Rxg4
Kxb7 54. Re4 Rg8 55. g4 {with a book ending-Wh can win even without the B pawn
with the Bl K offside}) 47... Kc7 48. Rb4 Kc6 49. Kd3 {strange though it seems,
the Engine now has the position as drawn} (49. Ke4 $1 $18 Kc5 50. Ra4 $1 (50.
Rc4+ Kd6 51. Ra4 Rxb7 52. Ra6+ Ke7 $11 {the Bl K gets in front of the last Wh
pawn}) 50... Rxb7 51. Kxe5 Rxb3 52. Rxg4 {and Wh has the oppositionand can
force the Bl K even further away}) 49... Kc5 50. Kc3 (50. Rxg4 Rxb7 51. b4+ Kd5
{and Wh can not make progress}) 50... Kc6 $2 (50... Kd5 $1 $11 {having an
Engine to hand makes kibitzing easy}) 51. Kc4 $18 Kd6 52. Rb6+ Kc7 53. Kc5 e4
54. Re6 {still winning, however} (54. Rc6+ $1 Kd7 55. Kb6 {and it is over soon}
e3 56. Rc3 e2 57. Re3 Rh8 58. Ka7 Kc7 59. Rxe2 {KD3}) 54... e3 55. Rxe3 Kxb7
56. Re7+ Ka6 57. b4 (57. Re6+ Ka5 58. Re4 Rxb3 59. Rxg4 {KD3- the Bl K is as
far away as it is possible to be}) 57... Rc8+ 58. Kd4 Kb5 59. Re4 (59. Rb7+ Ka6
60. Rg7 Rb8 61. Kc4 Rc8+ 62. Kb3 Kb5 63. Rxg4 {KD3- is one possibility}) 59...
Kxb4 60. Ke5+ Kc5 61. Kf5 {this should now be drawn} (61. Rxg4 {KD3 wins} Re8+
62. Kf5 Rf8+ 63. Ke6 Re8+ 64. Kf7 Re3 65. Rg8 Rf3+ 66. Ke6 {and the Wh K comes
back to the pawn, leaving the Bl K adrift}) 61... Kd5 (61... Rf8+ 62. Kxg4 Kd5
{comes to much the same}) 62. Re1 Rg8 $2 {but then holding on to the pawn is
losing} (62... Rf8+ 63. Kxg4 Rg8+ 64. Kf3 Rf8+ 65. Kg2 Rg8 $11 {KD3} (65... Kd6
66. g4 Kd7 67. Kg3 Re8 {trying to get the K back, loses by one tempo} 68. Rxe8
Kxe8 69. Kh4 $1 Kf7 70. Kh5 Kg7 71. Kg5)) 63. Rd1+ {driving the K away once
more} Kc6 64. Rd4 Kc5 65. Rxg4 Rf8+ 66. Ke6 Rf1 67. Rf4 (67. Re4 {also} Rg1 68.
g4 Rg2 69. Re5+ Kc6 70. g5) 67... Re1+ 68. Kf6 Kd5 69. g4 Ra1 70. g5 Ra6+ 71.
Kg7 (71. Kf5 {appears to be one quicker to the final mate}) 71... Ke5 72. Rf1
Ra7+ 73. Rf7 (73. Kh6 {also}) 73... Ra1 74. g6 Ke6 75. Rf6+ (75. Kg8 Ra8+ 76.
Rf8 Ra3 77. g7 Ke7 78. Rf7+ Kd6 79. Rf6+ Ke7 80. Rh6 {provides the shelter the
K needs} Ra8+ 81. Kh7 Kf7 82. Rg6 (82. Rh1)) 75... Ke7 76. Rf2 (76. Rf4 Rg1 77.
Re4+ Kd6 78. Kf6 Rf1+ 79. Kg5 Rg1+ 80. Rg4 {another way}) 76... Rg1 77. Re2+
Kd6 78. Kh7 Rh1+ 79. Kg8 Rg1 80. g7 Rg3 81. Rh2 Ke7 82. Kh7 Kf7 83. g8=Q+ (83.
Rf2+ {also}) 83... Rxg8 84. Rf2+ 1-0

[Event "S Wales Late Summer Open"]
[Site "?"]
[Date "2022.09.04"]
[Round "5.8"]
[White "Fowler, Hugo"]
[Black "Fathallah, Joe"]
[Result "0-1"]
[WhiteElo "1904"]
[BlackElo "1907"]
[Annotator "kemen"]
[PlyCount "96"]
[EventDate "2022.??.??"]
[SourceVersionDate "2022.09.07"]

{[%evp 0,18,19,38,30,51,38,23,26,-7,25,2,8,-8,-4,-13,20,23,39,-18,46]} 1. e4 e6
2. d4 d5 3. exd5 exd5 4. Bd3 Bd6 5. Ne2 Nf6 6. O-O O-O 7. Bf4 Bg4 8. f3 Bh5 9.
Nd2 c6 10. c3 Re8 11. Bxd6 Qxd6 $11 12. a4 (12. Ng3 Bg6 {2-1}) (12. Qe1 Nbd7
13. Qg3 {1/2-1/2}) (12. Re1 $11 {Cloud Engines}) 12... Nbd7 13. a5 Bg6 $15 14.
Bxg6 hxg6 15. b4 Re7 {Wh has a slight weakness on e3, Bl none on the Q side}
16. Nb3 Rae8 17. Re1 (17. Ng3 b6 $15 {KomodoDragon3}) 17... g5 $17 18. h3 {
trying to hold up the attack, but all of Bls pieces are ready, while several
Wh pieces are over on the Q side} (18. Qd2 g4 19. Nc5 gxf3 20. gxf3 Nh7 21.
Nxb7 Qf6 22. f4 Re3 $17 {and Wh.s K is exposed}) 18... g4 $1 $19 {KD3- Bl
seizes his chance} (18... Re3 $19) (18... Nh5 $19 {KD3, not as incisive as the
text}) 19. hxg4 Nxg4 20. fxg4 Nf6 21. Qd2 Nxg4 22. g3 (22. Nf4 Rxe1+ 23. Rxe1
Rxe1+ 24. Qxe1 Qxf4 $19 {KD3}) {on paper Wh is a piece up, but , with a N & R
far away, on the battlefield Bl is a R ahead} 22... Re3 23. Kf1 (23. Nf4 Rxg3+
24. Kf1 (24. Ng2 Re4 25. Rxe4 dxe4 26. Nc5 e3 27. Ne4 Qh6 $19) 24... Ne3+ 25.
Rxe3 Rexe3 $19 {KD3}) 23... Qf6+ (23... Rf3+ $1 {mating according to KD3} 24.
Kg1 Ree3 25. Nf4 Rxg3+ 26. Ng2 Qh6 27. Rxe3 Qh2+ 28. Kf1 Nxe3+ 29. Ke1 Qh1+ 30.
Ke2 Rxg2+ 31. Kxe3 Qh3+ 32. Kf4 Qh4+ 33. Kf3 Qe4#) 24. Nf4 g5 25. Rxe3 Nxe3+ (
25... Rxe3 $1 {KD3, forces Wh to give up the Q}) 26. Kg1 gxf4 27. Qf2 Qg6 (
27... Qh6 $1 28. Qh2 (28. Qxf4 Qh3 29. Ra2 Ng4 30. Qf1 Qxg3+ 31. Rg2 Qe3+ 32.
Qf2 Qe1+ 33. Qf1 Qh4 34. Nc1 Re1 $19) 28... Qg6 $19 {KomodoDragon3}) 28. Qxf4
Re4 29. Qf2 {material is level, but Wh is still playing without that R & N} (
29. Qb8+ Kg7 30. Nd2 Re6 31. Qf4 Qc2 32. Qf2 Qxc3 $19 {KD3}) 29... Rg4 (29...
Ng4 $1 {is even stronger} 30. Qg2 Qg5 31. Nd2 Qe3+ 32. Kf1 Qxc3 33. Nxe4 (33.
Re1 Ne3+) 33... Qxa1+ 34. Ke2 dxe4 $19 {KD3}) 30. Kh2 (30. Qxe3 {doen't last
long either} Rxg3+ 31. Kf2 Rxe3 32. Kxe3 f5 33. Nd2 Qg3+ 34. Ke2 (34. Nf3 f4+
35. Ke2 Qg2+ 36. Ke1 Qxf3) 34... Qxc3 $19 {KD3}) 30... Rh4+ (30... Qh5+ 31. Kg1
Qh4 {KD3- there are many ways for Bl to break through}) 31. Kg1 Rg4 (31... Nf5)
32. Qxe3 Rxg3+ 33. Kf2 Rxe3 34. Kxe3 Qc2 (34... f5 $1 {[%emt 0:00:30] Kd3-
note at move}) 35. Rg1+ Kf8 36. Nc1 Qxc3+ 37. Nd3 Qc2 38. Rh1 Qg2 39. Rh8+ Ke7
40. Ra8 Qe4+ (40... f5 41. Rxa7 f4+ 42. Kxf4 Qe4+ {KD3}) 41. Kd2 Qxd4 42. Rb8
b6 43. Rb7+ Ke6 44. Rxa7 c5 45. bxc5 bxc5 46. Ke2 c4 47. Ra6+ Kf5 48. Nf2 c3 {
when they did finally get out, the R & N were unable to cooperate against the
Q.} 0-1

[Event "S Wales Late Summer Open"]
[Site "?"]
[Date "2022.09.04"]
[Round "5.9"]
[White "Szakmany, Bence"]
[Black "Pleasants, Allan J"]
[Result "0-1"]
[WhiteElo "1375"]
[BlackElo "2005"]
[Annotator "kemen"]
[PlyCount "82"]
[EventDate "2022.??.??"]
[SourceVersionDate "2022.09.07"]

{[%evp 0,8,32,12,120,73,74,20,43,23,42]} 1. e4 g6 2. d4 Bg7 3. g3 d6 4. Bg2 Nc6
5. Be3 Nf6 6. h3 O-O 7. Ne2 e5 8. d5 (8. Nbc3 {transposes to 1547 games}) 8...
Ne7 9. c4 Ne8 10. Nbc3 f5 11. b4 $2 (11. Qd2 $16 {5-1-2}) 11... f4 $19 12. gxf4
exf4 13. Bxf4 Bxc3+ (13... Rxf4) 14. Nxc3 Rxf4 15. Qd2 Rf8 16. h4 Ng7 17. O-O-O
a5 18. b5 Bg4 19. Rdg1 Nc8 (19... Nh5) 20. Bh3 Bxh3 21. Rxh3 Qf6 (21... Nh5 22.
Qh6 Qd7 23. Re3 Qg7 {KomodoDragon3}) 22. h5 Qxf2 23. Qg5 Qf4+ 24. Qxf4 Rxf4 25.
hxg6 hxg6 26. Rxg6 Ne7 27. Rgh6 Raf8 {gives Wh a chance to complicate} (27...
Kf7 $19) 28. Kd2 (28. b6 $1 {Deep Fritz13 & KomodoDragon3} cxb6 29. Rxd6 (29.
Nb5) 29... R4f6 30. Rh6 Nh5 31. Rhxf6 Rxf6 32. e5 $11 {the Ns are badly placed
to be able barricade the advancing centre pawns} Rf4 33. Rd8+ Rf8 34. Rd7 Ng6
35. e6 Ne5 36. Rc7 $11 {KomodoDragon3}) 28... R4f6 29. R6h4 Ng6 30. Rg4 Ne5 31.
Rg2 Nxc4+ (31... Rf2+) 32. Kd3 Ne5+ 33. Kc2 Rf2+ 34. Rxf2 Rxf2+ 35. Kb3 b6 36.
Rg3 Rh2 37. Re3 Ne8 38. Rg3+ Kf7 39. Nd1 Nf6 40. Nc3 Nfd7 41. Na4 Re2 0-1

[Event "S Wales Late Summer Open"]
[Site "?"]
[Date "2022.09.04"]
[Round "5.11"]
[White "Turner, Joseph David"]
[Black "Guy, David"]
[Result "1/2-1/2"]
[WhiteElo "1874"]
[BlackElo "1858"]
[Annotator "kemen"]
[PlyCount "71"]
[EventDate "2022.??.??"]
[SourceVersionDate "2022.09.07"]

{[%evp 0,5,25,36,24,-41,-36,-34]} 1. e4 e5 2. f4 exf4 3. Bc4 Nc6 {John Shaw
2013 claims this as a refutation of the B Kgambit} 4. d4 Qh4+ {giving Wh the
play he wants (Shaw)} (4... Nf6 5. Nc3 Bb4 {is Shaw's line}) 5. Kf1 g5 (5... d6
) (5... Nf6 {main lines}) 6. Nf3 (6. Nc3 Bg7 {main}) 6... Qh6 {Stockfish14 &
Fritz16} (6... Qh5 {17 games}) 7. d5 {Houdini6} (7. Nc3 {KomodoDragon3}) 7...
Nd8 (7... b5 8. Bxb5 Nce7 $11 {KomodoDragon3} 9. h4 Rb8 10. a4 a6 11. Be2 g4
12. Ne5 Nf6 $11) 8. Nc3 $16 a6 9. e5 Bc5 (9... Bg7 10. h4 g4 11. Nh2 d6 12.
exd6 Qxd6 13. Nxg4 $16 {KD3}) 10. Ne4 $18 d6 11. exd6 (11. h4) 11... Bxd6 12.
Qe2 (12. h4 f6 13. Kf2 g4 14. Nxd6+ cxd6 15. Qd4 Nf7 (15... gxf3 16. Bxf4 Qg6
17. Rae1+) 16. Bxf4 Qg7 17. Ng5 $18 {KD3}) 12... Ne7 13. Nfxg5 (13. Bd2 $18 {
KD3}) 13... Bf5 14. h4 f6 (14... Be5 $16) 15. Qh5+ Qxh5 16. Nxf6+ Kf8 17. Nxh5
$18 Bxc2 18. Bxf4 b5 19. Be2 (19. Bb3 Bxb3 20. axb3 Nxd5 21. Bxd6+ cxd6 22. Rh3
$18 {KD3}) 19... h6 20. Ne6+ (20. Bxd6 cxd6 21. Nh3 Nf7 22. Kg1 $18 {KD3})
20... Nxe6 21. dxe6 Bf5 (21... Ng6 $14) 22. Bxd6 cxd6 23. Nf4 (23. Kg1 Bxe6 24.
Rf1+ Bf7 25. Rh3 $18 {KD3- the Bl pieces are scattered}) 23... Rc8 24. Rd1 (24.
Ke1 Nc6 25. Rf1 Ke7 26. Nd5+ Kxe6 27. Ne3 Nd4 28. Kd2 $18 {KomodoDragon3})
24... d5 25. g4 Be4 26. Rh2 Kg7 27. Nh5+ Kg6 28. Bd3 (28. Rf2 Rhf8 29. Rxf8
Rxf8+ 30. Ke1 Re8 31. Rc1 $18 {KD3-ready to invade}) 28... Rhf8+ 29. Ke1 (29.
Rf2 $1 $18 Bxd3+ 30. Rxd3 Rc1+ 31. Kg2 Rxf2+ 32. Kxf2 Rc4 33. Kg3 Rc1 34. Ra3
$18 {KD3}) (29. Kg1 $16 {KD3}) 29... Bxd3 30. Rxd3 Rc1+ 31. Kd2 Rff1 $11 32.
Re2 (32. Rf3 Rxf3 33. Kxc1 Rf1+ 34. Kd2 Rg1 35. Nf4+ Kf6 36. Rg2 Rxg2+ 37. Nxg2
Kxe6 $11 {KD3}) 32... b4 $2 (32... Rfd1+ 33. Ke3 Rxd3+ 34. Kxd3 Rc4 35. Rg2 Nc6
$11 {KD3}) 33. Nf4+ (33. Rd4 $1 $18 Rh1 34. Rf4 Rcd1+ 35. Kc2 Rdf1 36. Rxf1
Rxf1 37. Ng3 Rf3 (37... Rf4 38. Nf5 $18) 38. Nf5 $18 Kf6 39. Nxh6 {KD3- the
two passed pawns win}) (33. Ng3 Rg1 34. Nf5 Kf6 35. Nxh6 $18 {KomodoDragon3})
33... Kf6 34. Nh5+ Kg6 35. Nf4+ Kf6 36. Nh5+ 1/2-1/2

[Event "S Wales Late Summer Open"]
[Site "?"]
[Date "2022.09.04"]
[Round "5.12"]
[White "Morgans, Justin"]
[Black "Wu, Yuxuan"]
[Result "1/2-1/2"]
[WhiteElo "1613"]
[BlackElo "1458"]
[Annotator "kemen"]
[PlyCount "76"]
[EventDate "2022.??.??"]
[SourceVersionDate "2022.09.07"]

{[%evp 0,13,26,37,27,38,24,20,43,26,38,38,35,19,19,19]} 1. d4 Nf6 2. Nf3 e6 3.
e3 b6 4. c4 Bb4+ 5. Bd2 a5 6. Be2 (6. Bd3 {main}) 6... O-O 7. O-O Bxd2 (7...
Bb7 {main}) 8. Nbxd2 (8. Nfxd2 $16 {KomodoDragon3}) 8... d6 9. Rc1 Nbd7 10. Qc2
Qe7 11. Bd3 h6 12. Rfe1 Bb7 13. e4 e5 $11 14. d5 (14. Qc3 {KD3-Wh needs to
keep the tension on in the centre}) 14... Nc5 15. Nf1 Bc8 $17 {Bl has good
chances on the K side,while Wh has little to do on the Q side} 16. h3 Nh5 17.
Ng3 Nxg3 (17... Nf4 18. Bf1 g6 19. b3 f5 $17 {KD3-is a stronger continuation-
opening the f file allows Wh more chances of a defence}) 18. fxg3 Nxd3 (18...
f5 {first} 19. exf5 (19. Nh4 Qg5 $19 20. Nxf5 Bxf5 21. exf5 Qxg3 22. Bf1 Rf7
$19) 19... Nxd3 20. Qxd3 Bxf5 $15 {KD3}) 19. Qxd3 f5 20. Nh4 Qg5 21. exf5 Bxf5
22. Nxf5 Qxf5 23. Qxf5 Rxf5 24. Rf1 Rff8 25. Rxf8+ Rxf8 26. Rf1 $6 {swapping
all the Rs is dangerous, as Bl has a protected passed pawn, virtually an extr
pawn, since Wh cannot force a pawn on the K side with the g pawns doubled} Rf6
(26... Rxf1+ 27. Kxf1 Kf7 $19 {KD3} 28. Kf2 Kf6 29. g4 b5 $1 30. b3 (30. cxb5
e4 31. Ke3 Ke5 $19) 30... bxc4 31. bxc4 Ke7 $19 {and the Wh K has to stay
watch over the e pawn, while the Bl K enters via the Q side}) 27. Rxf6 gxf6 28.
g4 $11 {the Bl K will find there is no entry now} Kg7 29. Kf2 Kg6 30. Kf3 f5
31. g3 (31. gxf5+ Kxf5 32. g4+ Kg6 33. h4 $14 {KD3--but it should be easy to
hold for Bl, as the Wh Kcannot go beyond f5}) 31... fxg4+ 32. Kxg4 Kf6 33. b3
Kg6 34. Kf3 Kf6 35. Ke4 Kg6 36. Kf3 Kh5 37. Ke4 Kg5 38. Kf3 Kf6 1/2-1/2

[Event "S Wales Late Summer Open"]
[Site "?"]
[Date "2022.09.04"]
[Round "5.13"]
[White "Smith, Ellison"]
[Black "Chong, Kimberly"]
[Result "1-0"]
[WhiteElo "1365"]
[BlackElo "1717"]
[Annotator "kemen"]
[PlyCount "91"]
[EventDate "2022.??.??"]
[SourceVersionDate "2022.09.07"]

{[%evp 0,19,30,26,39,42,45,37,56,56,77,46,28,21,18,12,17,21,41,23,25,25]} 1. e4
d5 2. exd5 Nf6 3. d4 Nxd5 4. Nf3 g6 5. Bc4 Bg7 6. O-O O-O 7. c3 c6 (7... Nc6 {
main,looks more active}) 8. Re1 b5 {weakens Qs wing (though KomodoDragon3
gives it as best try in a slightly passive Bl setup)} (8... Nd7 {main} 9. Bg5
$16) 9. Bxd5 (9. Bb3 $16 {1.5-0.5}) (9. Bf1 $16 {not yet played, keeps up the
pressure on b5 ( and the B can relocate to g2 if required}) 9... cxd5 $14 10.
Qe2 (10. Bf4 Bg4 11. Nbd2 Nd7 12. Qb3 Bxf3 13. Nxf3 e6 14. Qxb5 {Asvang-Natvig,
Harstad op 2006,1-0}) 10... Qb6 (10... b4 11. Qxe7 Qxe7 12. Rxe7 bxc3 13. Nxc3
Nc6 14. Re1 Rb8 15. h3 Be6 16. Rd1 Rfc8 $11 {KomodoDragon3- Bl has Benko type
compensation for the pawn}) 11. Qxe7 Nc6 12. Qe2 b4 13. Bf4 Ba6 14. Qc2 (14.
Qe3) 14... Rfc8 $16 (14... Rac8 $14) 15. Qd1 (15. Qa4 bxc3 16. bxc3 Qa5 17. Qd1
Nd8 18. h4 $16 {KD3}) 15... bxc3 16. bxc3 Qb2 (16... Nd8) 17. Nbd2 (17. Qd2 {
KD3} Qxd2 18. Nbxd2 Nd8 19. Nf1 $16 Rxc3 $2 20. Re8+ Bf8 21. Bh6) 17... Qxc3
$11 18. Nb3 Rab8 $2 (18... Qd3 19. Bd2 Bc4 20. Nc5 Qf5 21. Be3 h6 $11 {KD3})
19. Bxb8 $18 Nxb8 20. Rc1 Qb4 21. Rxc8+ Bxc8 22. Re8+ Bf8 23. Rxc8 Nd7 24. g3
Nb6 25. Rc2 Nc4 26. Ne5 Na3 27. Re2 (27. Rc8) (27. Rc7) 27... Nb5 28. Qd2 Nc3
29. Re3 Ne4 30. Qxb4 Bxb4 31. Nc6 Ba3 32. Nxa7 Bb4 33. Nc6 Ba3 34. Ne7+ $2 {
another piece falls foul of a lurking B, but Wh is still winning} (34. Nc5 Nxc5
(34... Bxc5 35. Rxe4 dxe4 36. dxc5 $18) 35. Rxa3 Ne4 36. Ra7 Kg7 37. a4 $18 {
KD3}) (34. Rxe4 dxe4 35. Na7 Bb4 36. a4 $18 {[%eval 0,0] KD3- the a pawn wins
the}) 34... Bxe7 35. Nc5 (35. f3 Bg5 36. Rxe4 dxe4 37. fxe4 $18 {KD3- Wh has
too many pawns}) 35... Bxc5 36. dxc5 Nxc5 37. Re5 Na4 38. Rxd5 Nc3 39. Rd8+ Kg7
40. Ra8 Kf6 41. a4 Nd5 42. a5 Nc7 43. Rc8 Nb5 44. a6 Ke6 45. Rb8 Na7 46. Rb7
1-0